00680nam a2200229 a 4500001001300000003000900013005001700022008004100039020002300080082001500103100001600118245004500134260004600179300000900225500003500234650001500269700001600284902000800300942000700308952011800315999001700433nice12345678IN_TiNIC20260116015047.0080404s2006 noia grp 000 0 eng  a8172234597 c25000a294.3bDAL aDalai, Lama aAwakening the Mind, Lightening the Heart aNoida bHaraper Collins Publishers c2006 a238p aincludes index and biblioraphy aDalai Lama1 aDalai, Lama bSRS cBK 001040708StackRoom-aHMIbHMId2008-04-04g250.00l0o294.3 DALp11002008r2008-04-04v250.00w2008-04-04yBK c18146d18146